[Event "Sant Adria de Besos op 11th"]
[Site "Sant Adria de Besos"]
[Date "2015.05.31"]
[Round "6.18"]
[White "Radigales Mauri, Jaume"]
[Black "Garcia Gomez, Luis"]
[Result "1-0"]
[WhiteElo "1830"]
[BlackElo "1755"]
[PlyCount "79"]
[EventDate "2015.04.12"]
[EventType "swiss"]
[EventRounds "9"]
[EventCountry "ESP"]
[SourceTitle "EXT 2024"]
[Source "ChessBase"]
[SourceDate "2023.10.10"]
[SourceVersion "1"]
[SourceVersionDate "2023.10.10"]
[SourceQuality "1"]

1. e4 e5 2. Nf3 Nc6 3. d4 exd4 4. c3 Nf6 5. e5 Nd5 6. cxd4 Bb4+ 7. Bd2 Qe7 8. Be2 0-0 9. 0-0 Bxd2 10. Qxd2 d6 11. exd6 Qxd6 12. Nc3 Nf6 13. Rfe1 b6 14. Rad1 a6 15. Ne5 Nxe5 16. dxe5 Qxd2 17. Rxd2 Ne8 18. Bf3 Rb8 19. Red1 g6 20. Nd5 Be6 21. Ne7+ Kh8 22. Nc6 Rc8 23. b3 Ng7 24. h3 h6 25. Be4 Kh7 26. h4 Rce8 27. Nd4 Rd8 28. h5 c5 29. hxg6+ fxg6 30. Nxe6 Nxe6 31. Rd6 Rxd6 32. Rxd6 Nf4 33. Rxb6 Re8 34. Rf6 Rxe5 35. Rxf4 Kg7 36. Bb7 Re1+ 37. Kh2 Ra1 38. Ra4 Rd1 39. Rxa6 Rd7 40. Bf3 1-0

[Event "Catalunya-chB"]
[Site "Spain"]
[Date "1996.10.06"]
[Round "1"]
[White "Radigales Mauri, Jaume"]
[Black "Campo Rodriguez, Casimiro"]
[Result "1-0"]
[WhiteElo "1860"]
[BlackElo "1775"]
[PlyCount "91"]
[EventDate "1997.??.??"]
[EventType "swiss"]
[EventRounds "8"]
[EventCountry "ESP"]
[SourceTitle "EXT 2003"]
[Source "ChessBase"]
[SourceDate "2002.11.25"]
[SourceVersion "1"]
[SourceVersionDate "2002.11.25"]
[SourceQuality "1"]

1. e4 e5 2. Nf3 Nc6 3. d4 exd4 4. Bc4 Be7 5. 0-0 d6 6. Nxd4 Ne5 7. Bb3 Nf6 8. Nc3 c6 9. h3 0-0 10. Be3 Ned7 11. Nf5 Nc5 12. Nxe7+ Qxe7 13. Bxc5 dxc5 14. Qf3 Qe5 15. Rad1 b5 16. a3 c4 17. Ba2 Be6 18. Rd2 Rad8 19. Rfd1 Rxd2 20. Rxd2 Rb8 21. Qe3 c5 22. f4 Qc7 23. f5 Bd7 24. e5 Re8 25. Nd5 Nxd5 26. Rxd5 Bxf5 27. Qxc5 Qxc5+ 28. Rxc5 Bxc2 29. Rxb5 Rc8 30. Bxc4 Kf8 31. b3 Rc7 32. Rd5 Ke7 33. Kf2 g6 34. Ke3 Rb7 35. b4 Ba4 36. g4 Rc7 37. Kd4 Bd7 38. Rc5 Rb7 39. b5 Be6 40. Bxe6 Kxe6 41. Rc6+ Kd7 42. Kc5 Rc7 43. Rxc7+ Kxc7 44. a4 Kd7 45. a5 Kc7 46. b6+ 1-0